Statistics for Dream smp names

Click here to take the quiz!

General Stats

  • This quiz has been taken 174 times
  • The average score is 25 of 33

Answer Stats

Anwser% Correct
DreamWasTaken
100%
GeorgeNotFound
99%
sapnap
97%
TommyInnit
97%
tubbo
97%
ranboo
92%
wilbur soot
90%
badboyhalo
85%
callahan
83%
niki nihachu
82%
philza
82%
Quackity
82%
karl Jacobs
81%
technoblade
81%
ponk
80%
punz
80%
skeppy
80%
fundy
79%
purpled
77%
captain puffy
75%
alyssa
74%
jack manifold
72%
awesamdude
71%
eret
71%
HannahxxRose
68%
Hbomb
61%
jschlatt
59%
Vikkstar
58%
antfrost
56%
lazarbeam
54%
ConnorEatsPants
52%
slimecicle
52%
foolish games
51%

Score Distribution

Percentile by Number Answered

Percent of People with Each Score

Your Score History

You have not taken this quiz